[Event "28th WSCC2018 - Open 65+"]
[Site "Bled"]
[Date "2018.11.21"]
[Round "4.60"]
[White "Rogovin, Arkadi"]
[Black "Rositsan, Boris"]
[Result "0-1"]
[WhiteElo "1867"]
[BlackElo "2077"]
[Annotator "uporabnik"]
[PlyCount "62"]
[EventDate "2018.11.18"]

1. d4 Nf6 2. c4 c5 3. d5 b5 4. cxb5 a6 5. e3 g6 6. Nc3 Bg7 7. Nf3 Qa5 8. bxa6
O-O 9. Bd2 Bxa6 10. Bxa6 Qxa6 11. h3 d6 12. Rb1 Nfd7 13. a3 Nb6 14. e4 f5 15.
Ng5 fxe4 16. Ne6 Bxc3 17. Bxc3 Rf5 18. Nc7 Qc4 19. Nxa8 Nxa8 20. Qe2 Qxd5 21.
O-O Qd3 22. Qg4 d5 23. Rbd1 Qa6 24. Rfe1 Nc6 25. Bd2 Nc7 26. Qg3 e5 27. Qb3 c4
28. Qc2 Ne6 29. Be3 Nf4 30. Bxf4 exf4 31. Qc3 Qb5 {.....39} 0-1

[Event "28th WSCC2018 - Open 65+"]
[Site "Bled"]
[Date "2018.11.21"]
[Round "4.61"]
[White "Pfitzer, Norbert"]
[Black "Sevenyuk, Alexey"]
[Result "1-0"]
[WhiteElo "2066"]
[BlackElo "1839"]
[PlyCount "87"]
[EventDate "2018.11.18"]

1. Nf3 Nf6 2. g3 d5 3. d4 e6 4. Bg2 c5 5. O-O Nc6 6. c4 dxc4 7. Ne5 Nxe5 8.
dxe5 Qxd1 9. Rxd1 Nd7 10. f4 Rb8 11. a4 a5 12. Na3 Nb6 13. Nb5 Bd7 14. Bd2 Bxb5
15. axb5 Nd5 16. Bxa5 b6 17. Be1 Rd8 18. e4 Nc7 19. Rxd8+ Kxd8 20. Bf1 Be7 21.
Bxc4 Kd7 22. Rd1+ Kc8 23. Bc3 Rd8 24. Rxd8+ Kxd8 25. Kf2 Ke8 26. Kf3 Kf8 27.
Kg4 Kg8 28. f5 g6 29. Ba5 Na8 30. Bd2 Nc7 31. Bh6 Bf8 32. Bg5 h5+ 33. Kf4 exf5
34. exf5 gxf5 35. Kxf5 Kg7 36. Bd8 Ne8 37. Bxb6 f6 38. exf6+ Nxf6 39. Bc7 Ng4
40. Bf4 Bd6 41. Bxd6 Ne3+ 42. Kg5 Nxc4 43. Bxc5 Na5 44. Kxh5 1-0

[Event "28th WSCC2018 - Open 65+"]
[Site "Bled"]
[Date "2018.11.21"]
[Round "4.62"]
[White "Nickl, Klaus"]
[Black "El Gheiadi, I."]
[Result "1-0"]
[WhiteElo "2006"]
[BlackElo "1831"]
[PlyCount "83"]
[EventDate "2018.11.18"]

1. d4 d5 2. Bf4 Bf5 3. e3 e6 4. c4 Bxb1 5. Qxb1 Bb4+ 6. Kd1 Nf6 7. c5 c6 8. Bd3
Ba5 9. Nf3 Bc7 10. Bxc7 Qxc7 11. Ne5 Nbd7 12. f4 Nxe5 13. fxe5 Ng4 14. Ke2 f5
15. h3 Nh6 16. b4 Qf7 17. Qf1 a6 18. a4 O-O 19. g3 Qe7 20. Kd2 b5 21. Qf3 Nf7
22. h4 Nh6 23. Ra2 Qb7 24. Rha1 bxa4 25. Rxa4 a5 26. bxa5 Qb2+ 27. Bc2 Qb5 28.
Rb1 Qa6 29. Bd3 Qc8 30. a6 Rf7 31. Rb6 Rb8 32. Rab4 Ra8 33. Qd1 Rc7 34. Qb3 Qd8
35. Rb8 Rc8 36. Rxa8 Rxa8 37. Rb6 Rc8 38. Qb4 Kf7 39. a7 Rc7 40. Rb8 Qd7 41.
a8=Q Kg6 42. Rb7 1-0

[Event "28th WSCC2018 - Open 65+"]
[Site "Bled"]
[Date "2018.11.21"]
[Round "4.63"]
[White "Zybura, Andre"]
[Black "Skok, Joze"]
[Result "1/2-1/2"]
[WhiteElo "1863"]
[BlackElo "2004"]
[PlyCount "53"]
[EventDate "2018.11.18"]

1. e4 e6 2. d4 d5 3. e5 c5 4. c3 Nc6 5. Nf3 Qb6 6. Bd3 Bd7 7. dxc5 Bxc5 8. O-O
a5 9. Nbd2 a4 10. b4 axb3 11. Nxb3 Nge7 12. Nxc5 Qxc5 13. Qc2 b6 14. a4 O-O 15.
Ba3 Qa5 16. Bb5 Rfe8 17. Rfd1 Rac8 18. c4 Nb8 19. Qb2 Bc6 20. Bb4 Qa7 21. Bd6
Qd7 22. Bxe7 Qxe7 23. cxd5 exd5 24. Re1 Nd7 25. Rad1 Nc5 26. Qb4 Ne4 27. Qxe7
1/2-1/2

[Event "28th WSCC2018 - Open 65+"]
[Site "Bled"]
[Date "2018.11.21"]
[Round "4.64"]
[White "Rubinstein, Mark"]
[Black "Hewson, Brian W R"]
[Result "0-1"]
[WhiteElo "1831"]
[BlackElo "2000"]
[PlyCount "88"]
[EventDate "2018.11.18"]

1. d4 Nf6 2. c4 e6 3. Nc3 Bb4 4. a3 Bxc3+ 5. bxc3 O-O 6. Bg5 h6 7. Bh4 d6 8. f3
Nbd7 9. e4 c5 10. d5 e5 11. g4 Qa5 12. Qb3 Nh7 13. Bd3 Re8 14. Ne2 Ng5 15. Bxg5
hxg5 16. Ng3 Nf8 17. Nf5 Qd8 18. Rb1 Ng6 19. Kf2 Nf4 20. Bf1 g6 21. Ne3 Kg7 22.
Ng2 Nh3+ 23. Kg3 Qf6 24. Qd1 Rh8 25. Qd2 b6 26. Ne1 Qf4+ 27. Qxf4 gxf4+ 28. Kg2
f5 29. exf5 gxf5 30. gxf5 Bxf5 31. Bd3 Kf6 32. Rb2 Rag8+ 33. Kf1 Rg5 34. Rg2
Rhg8 35. Rxg5 Rxg5 36. Ke2 Bxd3+ 37. Nxd3 Rg2+ 38. Kd1 Ra2 39. Re1 Nf2+ 40.
Nxf2 Rxf2 41. Re2 Rxf3 42. Kd2 Rh3 43. Rg2 e4 44. Re2 Kf5 0-1

[Event "28th WSCC2018 - Open 65+"]
[Site "Bled"]
[Date "2018.11.21"]
[Round "4.65"]
[White "Krstic, Slobodan"]
[Black "Dalling, Peter"]
[Result "0-1"]
[WhiteElo "1993"]
[BlackElo "1811"]
[PlyCount "46"]
[EventDate "2018.11.18"]

1. e4 e5 2. Nf3 Nf6 3. Nxe5 Nc6 4. Nf3 Nxe4 5. Nc3 Nf6 6. d4 d5 7. Bf4 Bd6 8.
Bg3 O-O 9. Be2 Bf5 10. a3 a5 11. Ne5 Re8 12. Nxc6 bxc6 13. O-O Ne4 14. Nxe4
Bxe4 15. Re1 Qf6 16. b3 Qg6 17. Ra2 Bf5 18. Qd2 Qe6 19. Kf1 Bxg3 20. hxg3 Qg6
21. Rc1 Re7 22. Bd3 Bxd3+ 23. Qxd3 Qh6 0-1

[Event "28th WSCC2018 - Open 65+"]
[Site "Bled"]
[Date "2018.11.21"]
[Round "4.66"]
[White "Cordioli, Jairo Ribeiro"]
[Black "Nilsson, Weine"]
[Result "0-1"]
[WhiteElo "1804"]
[BlackElo "1976"]
[PlyCount "89"]
[EventDate "2018.11.18"]

1. d4 Nf6 2. c4 e6 3. Nc3 Bb4 4. e3 O-O 5. Bd3 d5 6. Nf3 b6 7. cxd5 exd5 8. O-O
Bb7 9. a3 Bxc3 10. bxc3 Nbd7 11. a4 Re8 12. Bb2 Rc8 13. Qe2 a5 14. Ba6 Bxa6 15.
Qxa6 c5 16. Rfc1 c4 17. Ba3 Re6 18. Qb5 h6 19. Ra2 Qc7 20. Qb1 Ne4 21. Nd2 Ndf6
22. Nf1 Qd7 23. f3 Ng5 24. Qc2 Rce8 25. Rb1 Qc6 26. Bc1 g6 27. Rab2 Nd7 28. Rb5
f5 29. h4 Nf7 30. Ba3 Kg7 31. h5 Rf6 32. hxg6 Ng5 33. Ng3 Kxg6 34. Nxf5 Rxf5
35. g4 Nxf3+ 36. Kh1 Re4 37. gxf5+ Kh7 38. Kg2 Nh4+ 39. Kf2 Nxf5 40. Rxd5 Qxd5
41. Rb5 Qe6 42. Bc1 Nf6 43. Qb1 Nd5 44. Rxd5 Qxd5 45. Qxb6 0-1

[Event "28th WSCC2018 - Open 65+"]
[Site "Bled"]
[Date "2018.11.21"]
[Round "4.67"]
[White "Andreas, Guenter"]
[Black "Acosta, Mariano"]
[Result "0-1"]
[WhiteElo "1967"]
[BlackElo "1721"]
[PlyCount "144"]
[EventDate "2018.11.18"]

1. e4 d6 2. f4 Nf6 3. Nc3 c6 4. d4 Qa5 5. Bd2 e5 6. fxe5 dxe5 7. dxe5 Ng4 8.
Be2 Nxe5 9. Nf3 Nbd7 10. Nxe5 Nxe5 11. O-O Bc5+ 12. Kh1 Qd8 13. Qe1 Be6 14. Rd1
Qe7 15. Qg3 f6 16. Bf4 Ng6 17. Bh5 Bf7 18. e5 O-O 19. exf6 Qxf6 20. Bc7 Qe6 21.
Bg4 Qe3 22. Rf3 Qe7 23. Rf5 Bb4 24. Rf3 Qh4 25. Qxh4 Nxh4 26. Rh3 Bxc3 27. bxc3
Ng6 28. a4 Rfe8 29. Bf5 Re7 30. Bd6 Rd8 31. Rhd3 Re2 32. Bc7 Rf8 33. Rd8 Bd5
34. Rxf8+ Nxf8 35. Rg1 Re7 36. Bd6 Rf7 37. Bd3 b6 38. c4 Be6 39. Re1 Bf5 40. h3
Bxd3 41. cxd3 Rd7 42. c5 Ng6 43. d4 Kf7 44. g3 Ne7 45. Rf1+ Kg6 46. g4 Nd5 47.
h4 h5 48. g5 Ne3 49. Re1 Nf5 50. Be5 bxc5 51. dxc5 Nxh4 52. Bf4 Kf7 53. Re5 g6
54. Re1 Nf5 55. Bb8 Rb7 56. Be5 Rb4 57. Bf6 Rxa4 58. Rb1 Ke6 59. Rb8 Ra2 60.
Rg8 Nh4 61. Kg1 Kf5 62. Rc8 Nf3+ 63. Kf1 Ra6 64. Be7 Nxg5 65. Rf8+ Kg4 66. Rg8
Ne4 67. Rxg6+ Kf3 68. Kg1 Ra1+ 69. Kh2 Ra2+ 70. Kg1 Ng3 71. Rf6+ Kg4 72. Rg6+
Kh3 0-1

[Event "28th WSCC2018 - Open 65+"]
[Site "Bled"]
[Date "2018.11.21"]
[Round "4.68"]
[White "Bregoszewski, Leon"]
[Black "Idesis, Yaacov"]
[Result "0-1"]
[WhiteElo "1632"]
[BlackElo "1967"]
[Annotator "uporabnik"]
[PlyCount "100"]
[EventDate "2018.11.18"]

1. d4 c6 2. f4 d5 3. Nf3 Nf6 4. e3 Bg4 5. Nbd2 e6 6. Bd3 Be7 7. O-O O-O 8. c3
Nbd7 9. e4 dxe4 10. Nxe4 Nxe4 11. Bxe4 Nf6 12. Bc2 Qc7 13. Qd3 Bxf3 14. Rxf3 g6
15. Bd2 Rad8 16. h3 c5 17. Be3 Nd5 18. Bd2 cxd4 19. cxd4 Bf6 20. Rc1 Qb8 21.
Bb3 a6 22. Bxd5 Rxd5 23. Bc3 Rfd8 24. Rcf1 Bxd4+ 25. Bxd4 Rxd4 26. Qc3 Qd6 27.
a3 b5 28. g3 Qb6 29. Kg2 Qb7 30. Kh2 Rd2+ 31. R3f2 Rxf2+ 32. Rxf2 h5 33. Qc2
Qd5 34. h4 Qd4 35. Kg2 a5 36. Re2 a4 37. Re4 Qd2+ 38. Re2 Qxc2 39. Rxc2 Rd3 40.
Kf2 Kg7 41. Re2 Rb3 42. Kg2 Kf6 43. Kh3 Ke7 44. Rd2 f6 45. Kg2 e5 46. Kf2 exf4
47. gxf4 Ke6 48. Re2+ Kf5 49. Kg2 Kxf4 50. Rf2+ Kg4 {....61} 0-1

[Event "28th WSCC2018 - Open 65+"]
[Site "Bled"]
[Date "2018.11.21"]
[Round "4.69"]
[White "Davydov, Mihail"]
[Black "Webster, Jim J"]
[Result "1-0"]
[WhiteElo "1959"]
[BlackElo "1730"]
[PlyCount "55"]
[EventDate "2018.11.18"]

1. e4 c5 2. Nf3 g6 3. Nc3 Bg7 4. d4 cxd4 5. Nxd4 Nc6 6. Be3 Nf6 7. f3 O-O 8.
Bc4 a6 9. Qd2 b5 10. Bb3 Nxd4 11. Bxd4 Bb7 12. e5 Ne8 13. O-O Rc8 14. Rad1 Nc7
15. Qe3 Bc6 16. Rf2 Ne6 17. Bb6 Qe8 18. Nd5 d6 19. exd6 exd6 20. c3 Qd7 21.
Rfd2 Rce8 22. Nb4 Be5 23. Qxe5 Qb7 24. Qe3 Nc5 25. Bxc5 Rxe3 26. Bxe3 Re8 27.
Nd5 Bxd5 28. Bxd5 1-0

[Event "28th WSCC2018 - Open 65+"]
[Site "Bled"]
[Date "2018.11.21"]
[Round "4.70"]
[White "Ramusch, Arnulf"]
[Black "Zharokov, Biket"]
[Result "1-0"]
[WhiteElo "1954"]
[BlackElo "1629"]
[Annotator "uporabnik"]
[PlyCount "100"]
[EventDate "2018.11.18"]

1. d4 Nf6 2. c4 e6 3. Nc3 d5 4. cxd5 exd5 5. Bg5 c6 6. Qc2 Bd6 7. e3 h6 8. Bh4
O-O 9. Bd3 Be6 10. Nge2 Nbd7 11. O-O Qc7 12. Bg3 a6 13. b4 b5 14. a4 Nb6 15.
axb5 cxb5 16. Qb3 Qe7 17. Bxd6 Qxd6 18. Ra2 Ne4 19. Rfa1 Nxc3 20. Nxc3 Nc4 21.
Nxb5 Qc6 22. Na3 Rab8 23. Qc3 Qb6 24. Rb1 Rfc8 25. Nxc4 dxc4 26. Be4 Bd7 27. h3
Bb5 28. d5 Qd6 29. Bf3 f5 30. Ra3 Re8 31. Qd4 Rbc8 32. Rc3 Re5 33. e4 Rce8 34.
Re3 f4 35. Ree1 Rc8 36. Bg4 Rc7 37. Qc3 Kf7 38. Rbd1 Kf6 39. Rd4 Kg5 40. Be2
Re8 41. g3 Rec8 42. gxf4+ Qxf4 43. Qg3+ Qxg3+ 44. fxg3 Kf6 45. d6 Rd7 46. Bg4
Rcd8 47. Rd5 Bc6 48. Rc5 Bb5 49. Bxd7 Rxd7 50. Rc7 Ke5 {...84} 1-0

[Event "28th WSCC2018 - Open 65+"]
[Site "Bled"]
[Date "2018.11.21"]
[Round "4.71"]
[White "Bobbia, Mario"]
[Black "Choong, Liong-On Mark"]
[Result "1/2-1/2"]
[WhiteElo "1790"]
[BlackElo "1932"]
[PlyCount "79"]
[EventDate "2018.11.18"]

1. e4 c5 2. Nf3 Nc6 3. d4 cxd4 4. Nxd4 Qc7 5. Nc3 e6 6. Be3 Nf6 7. Bd3 a6 8.
O-O Bd6 9. h3 O-O 10. Nxc6 dxc6 11. f4 e5 12. f5 b5 13. Ne2 c5 14. c3 Bb7 15.
Ng3 Rfd8 16. Qe2 c4 17. Bc2 Bc5 18. Rad1 Qb6 19. Bxc5 Qxc5+ 20. Qf2 Qxf2+ 21.
Kxf2 h5 22. Ke3 Kf8 23. Nh1 Ke7 24. Rxd8 Rxd8 25. Nf2 a5 26. a3 Rg8 27. g4 g5
28. Kf3 Bc6 29. b3 cxb3 30. Bxb3 Rh8 31. c4 hxg4+ 32. hxg4 Nxe4 33. Nxe4 Rh3+
34. Kf2 Rxb3 35. f6+ Ke8 36. Nd6+ Kf8 37. cxb5 Bxb5 38. Rh1 Rb2+ 39. Kg3 Rb3+
40. Kf2 1/2-1/2

[Event "28th WSCC2018 - Open 65+"]
[Site "Bled"]
[Date "2018.11.21"]
[Round "4.72"]
[White "Lie, Terje"]
[Black "Bhopal, Raj"]
[Result "1/2-1/2"]
[WhiteElo "1534"]
[BlackElo "1929"]
[PlyCount "151"]
[EventDate "2018.11.18"]

1. d4 e6 2. c4 f5 3. Nf3 Nf6 4. Nc3 b6 5. g3 Bb7 6. Bg2 Bb4 7. O-O Bxc3 8. bxc3
Ne4 9. Qc2 O-O 10. Nd2 d5 11. Nxe4 dxe4 12. Bf4 Nd7 13. Rfd1 g5 14. Be5 Nxe5
15. dxe5 Qe7 16. e3 Bc6 17. Qe2 g4 18. h3 h5 19. Rd4 Qc5 20. Qb2 a5 21. a4 Qxe5
22. Qa3 Qf6 23. c5 e5 24. Rd2 Rab8 25. cxb6 Rxb6 26. h4 Rd8 27. Rxd8+ Qxd8 28.
Qc5 Qd6 29. Qxa5 Rb2 30. c4 Rc2 31. Bf1 Kg7 32. Qe1 Rd2 33. a5 Ba8 34. a6 Rc2
35. a7 Kf6 36. Qb1 Qd2 37. Qe1 Qxe1 38. Rxe1 Ra2 39. c5 Bc6 40. Rc1 Rxa7 41.
Bc4 Ra4 42. Bb3 Rb4 43. Ba2 Rb2 44. Bc4 Ke7 45. Kf1 Ba4 46. Bg8 Bb5+ 47. Kg1
Be2 48. Bd5 Bb5 49. Bb7 Ba4 50. Bd5 Rd2 51. Bc4 Rc2 52. Rxc2 Bxc2 53. Bd5 Bd3
54. Bb3 Bb5 55. Bd5 Bd7 56. Bc4 Be6 57. Bb5 Bd5 58. Kf1 c6 59. Ba4 Ke6 60. Ke2
Kd7 61. Kd2 Kc7 62. Kc3 Kb7 63. Kb4 Ka6 64. Bd1 Kb7 65. Be2 Ka7 66. Ka5 Bb3 67.
Ba6 Be6 68. Be2 Ba2 69. Bd1 Kb7 70. Bc2 Bc4 71. Ba4 Bd5 72. Bc2 Ba2 73. Bd1 Bd5
74. Ba4 Ba2 75. Kb4 Bd5 76. Ka5 1/2-1/2

[Event "28th WSCC2018 - Open 65+"]
[Site "Bled"]
[Date "2018.11.21"]
[Round "4.73"]
[White "Ostrowski, Michal"]
[Black "Marshall, Michael"]
[Result "1/2-1/2"]
[WhiteElo "1187"]
[BlackElo "1916"]
[PlyCount "142"]
[EventDate "2018.11.18"]

1. Nc3 c5 2. d4 cxd4 3. Qxd4 Nc6 4. Qd1 Nf6 5. e4 a6 6. Nf3 d6 7. Bd3 g6 8. Ne2
Bg7 9. O-O O-O 10. Ng3 Bg4 11. h3 Bc8 12. c3 Qc7 13. Bf4 e5 14. Be3 b6 15. Qd2
Re8 16. Bh6 Bh8 17. Rac1 Nd8 18. b4 Ne6 19. Rfe1 Qd8 20. Bc4 Ra7 21. Red1 Rd7
22. Bb3 Bb7 23. Qe3 Bg7 24. Bg5 Nxg5 25. Nxg5 h6 26. Nf3 d5 27. Nh4 d4 28. Qf3
Rf8 29. Nxg6 Re8 30. Qf5 Bc8 31. Nxe5 Rc7 32. Bxf7+ Rxf7 33. Nxf7 Kxf7 34. Qf3
Kg8 35. Rxd4 Qc7 36. Nf5 Bxf5 37. Qxf5 Kh8 38. Qg6 Qf4 39. Re1 Rf8 40. Qg3 Qxg3
41. fxg3 Ne8 42. Rd3 Be5 43. Rf1 Rg8 44. g4 Nd6 45. Rd5 Re8 46. Rf3 b5 47. Kf1
Kg7 48. Re3 Kf6 49. g3 Ke6 50. Kg2 Nxe4 51. Red3 Bxc3 52. Rh5 Bg7 53. Re3 Kd6
54. Rd3+ Kc6 55. Rf5 Nd6 56. Rc5+ Kd7 57. a3 Bf6 58. Rf5 Re6 59. h4 Ke7 60. Rc5
Kd7 61. Kf3 Re1 62. Rcd5 Re6 63. g5 hxg5 64. hxg5 Bg7 65. Kg4 Ke7 66. Kh5 Bf8
67. Kg4 Kf7 68. Rf3+ Kg7 69. Kh5 Be7 70. Rfd3 Kf7 71. Rf3+ Kg7 1/2-1/2

[Event "28th WSCC2018 - Open 65+"]
[Site "Bled"]
[Date "2018.11.21"]
[Round "4.74"]
[White "Ilic, Slobodan S"]
[Black "Stepovoj, Vladimir"]
[Result "1/2-1/2"]
[WhiteElo "2026"]
[BlackElo "2261"]
[PlyCount "24"]
[EventDate "2018.11.18"]

1. e4 e6 2. d3 d5 3. Nd2 Nf6 4. Ngf3 c5 5. g3 Nc6 6. Bg2 dxe4 7. dxe4 e5 8. h3
Be7 9. O-O O-O 10. Re1 Qc7 11. c3 Rd8 12. Qa4 Rb8 1/2-1/2

[Event "28th WSCC2018 - Open 65+"]
[Site "Bled"]
[Date "2018.11.21"]
[Round "4.76"]
[White "Baumgarten, Werner"]
[Black "Florjancic, Rudolf"]
[Result "0-1"]
[WhiteElo "1872"]
[BlackElo "1761"]
[PlyCount "40"]
[EventDate "2018.11.18"]

1. c4 Nf6 2. d4 g6 3. Nc3 Bg7 4. e4 d6 5. Nf3 O-O 6. Be2 c6 7. O-O a5 8. a4 Na6
9. h3 Qc7 10. Bg5 e5 11. dxe5 dxe5 12. Qc1 Nc5 13. Qe3 Ne6 14. Bh4 b6 15. Rad1
Re8 16. Bg3 Nh5 17. Bh2 Nhf4 18. Bd3 Ba6 19. b3 Nxd3 20. Rxd3 Nc5 0-1

[Event "28th WSCC2018 - Open 65+"]
[Site "Bled"]
[Date "2018.11.21"]
[Round "4.77"]
[White "Gromark, Per-Olof"]
[Black "Haupt, Joachim"]
[Result "1-0"]
[WhiteElo "1862"]
[BlackElo "1748"]
[PlyCount "61"]
[EventDate "2018.11.18"]

1. c4 c5 2. Nf3 Nc6 3. d4 cxd4 4. Nxd4 g6 5. e4 Bg7 6. Be3 d6 7. Nc3 Nf6 8. Be2
O-O 9. O-O Bd7 10. f3 Qc8 11. Qd2 Nxd4 12. Bxd4 Bc6 13. Rfc1 Qe6 14. b4 b6 15.
a4 Rfc8 16. a5 Nd7 17. Bxg7 Kxg7 18. b5 Nc5 19. bxc6 Nb3 20. Qb2 Nxc1 21. Rxc1
Rxc6 22. Nd5+ f6 23. axb6 axb6 24. Rb1 Kf7 25. Qd4 Rc5 26. Rxb6 Qd7 27. Rb1 Ra2
28. Nc3 Ra3 29. Bf1 Raa5 30. Rd1 Ra3 31. Qxc5 1-0

[Event "28th WSCC2018 - Open 65+"]
[Site "Bled"]
[Date "2018.11.21"]
[Round "4.78"]
[White "Frey, Armin"]
[Black "Degtiarev, Viktor"]
[Result "1-0"]
[WhiteElo "1859"]
[BlackElo "1676"]
[PlyCount "97"]
[EventDate "2018.11.18"]

1. f4 d5 2. Nf3 Nf6 3. e3 c5 4. d3 Nc6 5. Be2 g6 6. O-O Bg7 7. Qe1 O-O 8. Nbd2
Qc7 9. c3 b6 10. Qh4 Re8 11. e4 dxe4 12. Nxe4 Bf5 13. Nfd2 Rad8 14. g4 Bc8 15.
Ng3 Ba6 16. g5 Nd5 17. f5 Ne3 18. Rf3 Nc2 19. Nde4 Ne5 20. Bf4 Nxf3+ 21. Bxf3
Be5 22. f6 exf6 23. Bxe5 Qxe5 24. Nxf6+ Kf8 25. Nxe8 Kxe8 26. Qa4+ Kf8 27. Qxc2
Qe3+ 28. Qf2 Qxg5 29. Rf1 Bxd3 30. Be4 f5 31. Bxd3 Rxd3 32. Qf4 Qd8 33. Ne4 Kg8
34. Ng5 Qd7 35. Qc4+ Kg7 36. Qe6 Qc7 37. Qe2 Qd7 38. Rf2 c4 39. Ne6+ Kf6 40.
Nd4 a6 41. Rf3 Rxf3 42. Qxf3 Ke5 43. Kf2 f4 44. Qe2+ Kd5 45. Kf3 g5 46. Qe4+
Kc5 47. b4+ cxb3 48. Nxb3+ Kb5 49. a4# 1-0

[Event "28th WSCC2018 - Open 65+"]
[Site "Bled"]
[Date "2018.11.21"]
[Round "4.79"]
[White "Filzmaier, Bruno"]
[Black "Bergen, Klaus"]
[Result "1/2-1/2"]
[WhiteElo "1727"]
[BlackElo "1858"]
[PlyCount "36"]
[EventDate "2018.11.18"]

1. a3 g6 2. d4 Nf6 3. Nf3 Bg7 4. e3 d6 5. b4 O-O 6. Bb2 Nbd7 7. c4 e5 8. d5 Ne8
9. Nbd2 f5 10. e4 f4 11. Be2 h6 12. Qc2 g5 13. h3 b6 14. Nb3 Ndf6 15. Rc1 Bd7
16. Nbd2 a5 17. c5 axb4 18. axb4 bxc5 1/2-1/2

[Event "28th WSCC2018 - Open 65+"]
[Site "Bled"]
[Date "2018.11.21"]
[Round "4.80"]
[White "Kerr, Grant"]
[Black "Dvorsky, David"]
[Result "1/2-1/2"]
[WhiteElo "1850"]
[BlackElo "1345"]
[Annotator "uporabnik"]
[PlyCount "172"]
[EventDate "2018.11.18"]

1. b3 d5 2. Bb2 Nf6 3. e3 e6 4. f4 Ne4 5. Nf3 Nd7 6. a3 Ndf6 7. d3 Nd6 8. Nbd2
Be7 9. Qe2 O-O 10. Ne5 Nd7 11. Ndf3 Bf6 12. g3 Bxe5 13. Nxe5 Nxe5 14. Bxe5 f6
15. Bb2 c5 16. Bg2 Qa5+ 17. Kf2 Nb5 18. Qe1 Qxe1+ 19. Rhxe1 Nc7 20. Rad1 b5 21.
e4 Bb7 22. e5 f5 23. c4 Rad8 24. cxb5 Nxb5 25. a4 Nc7 26. Ba3 Na6 27. d4 Rc8
28. Bf1 Nb4 29. Bxb4 cxb4 30. Rc1 Rc3 31. Rxc3 bxc3 32. Rc1 Rc8 33. Bb5 Kf7 34.
Ke3 a6 35. Be2 Rc6 36. Kd3 a5 37. Kc2 Ke7 38. Rf1 Rb6 39. Kxc3 Bc6 40. g4 g6
41. gxf5 exf5 42. Rf3 Bd7 43. Rh3 h5 44. Rg3 Kf7 45. h4 Rb4 46. Rd3 Rb6 47. Bf3
Be6 48. Bd1 Ke7 49. Kd2 Kd7 50. Rc3 Bf7 51. Rc5 Ra6 52. Be2 Ra7 53. Bb5+ Ke7
54. Kc3 Be6 55. Bc6 Rc7 56. b4 axb4+ 57. Kxb4 g5 58. hxg5 h4 59. Kb5 h3 60. Rc3
Bd7 61. Rxh3 Bxc6+ 62. Kb6 Rc8 63. Rh7+ Kd8 64. Rh8+ Be8 65. a5 Rb8+ 66. Ka7
Rb1 67. a6 Ke7 68. Rh7+ Kd8 69. Rb7 Rf1 70. Kb6 Rb1+ 71. Kc5 Rc1+ 72. Kd6 Rc6+
73. Kxd5 Rxa6 74. Kc4 Ra4+ 75. Rb4 Bf7+ 76. Kc5 Ra5+ 77. Rb5 Ra4 78. d5 Bxd5
79. Kxd5 Rxf4 80. g6 Ke7 81. Rb6 Rg4 82. Rf6 Rg5 83. Rb6 f4 84. Rb7+ Kf8 85.
Rf7+ Ke8 86. Rxf4 Rxg6 {...94} 1/2-1/2

[Event "28th WSCC2018 - Open 65+"]
[Site "Bled"]
[Date "2018.11.21"]
[Round "4.81"]
[White "Zilbershtein, Victor"]
[Black "Tavcar, Rado"]
[Result "1/2-1/2"]
[WhiteElo "1717"]
[BlackElo "1847"]
[Annotator "uporabnik"]
[PlyCount "43"]
[EventDate "2018.11.18"]

1. e4 c5 2. Nf3 d6 3. d4 cxd4 4. Nxd4 Nf6 5. Nc3 g6 6. Bc4 Bg7 7. f3 O-O 8. Be3
Nc6 9. Nde2 a6 10. Qd2 b5 11. Bb3 Be6 12. Bxe6 fxe6 13. Nf4 Qc8 14. Nd3 Nd7 15.
Bh6 Nde5 16. Bxg7 Kxg7 17. f4 Nc4 18. Qf2 e5 19. g3 Nd4 20. O-O e6 21. h4 Rb8
22. Nb4 {...} 1/2-1/2

[Event "28th WSCC2018 - Open 65+"]
[Site "Bled"]
[Date "2018.11.21"]
[Round "4.82"]
[White "Patola, Eero"]
[Black "Lee, Wing Kin"]
[Result "1-0"]
[WhiteElo "1838"]
[BlackElo "1156"]
[PlyCount "85"]
[EventDate "2018.11.18"]

1. e4 c5 2. c4 e5 3. Nc3 d6 4. g3 h6 5. Bg2 Ne7 6. d3 Nbc6 7. Nge2 Bg4 8. h3
Be6 9. O-O Qd7 10. Kh2 g5 11. Nd5 Bg7 12. Rb1 Bxd5 13. cxd5 Nd4 14. Nxd4 cxd4
15. f4 g4 16. Qxg4 Qxg4 17. hxg4 h5 18. g5 h4 19. f5 hxg3+ 20. Kxg3 f6 21. Bd2
Rg8 22. g6 Rc8 23. Rbc1 Kd7 24. Bf3 Rh8 25. Rxc8 Nxc8 26. Bd1 a6 27. b4 Bh6 28.
Bxh6 Rxh6 29. a4 Rh8 30. Bb3 b5 31. Rc1 Ne7 32. Kg2 Rb8 33. a5 Rc8 34. Rxc8
Nxc8 35. g7 Ne7 36. Bd1 Ng8 37. Kh3 Ke7 38. Bh5 Nh6 39. Kh4 Ng8 40. Bg6 Kd7 41.
Bf7 Nh6 42. Kh5 Nxf7 43. g8=Q 1-0

[Event "28th WSCC2018 - Open 65+"]
[Site "Bled"]
[Date "2018.11.21"]
[Round "4.83"]
[White "Brouwer, Willem"]
[Black "Turegano Moratalla, Santiago"]
[Result "1-0"]
[WhiteElo "1608"]
[BlackElo "1808"]
[PlyCount "70"]
[EventDate "2018.11.18"]

1. d4 d6 2. Bf4 g6 3. e3 Bg7 4. Nf3 Nf6 5. Be2 O-O 6. h3 b6 7. O-O Bb7 8. a4 a6
9. Bh2 Nbd7 10. Nbd2 e6 11. c3 Qe7 12. Nc4 Rad8 13. Re1 Ne4 14. Ncd2 e5 15. Bf1
Nxd2 16. Nxd2 f5 17. dxe5 dxe5 18. Qc2 Qg5 19. Rad1 Nc5 20. b4 Nd3 21. Re2 f4
22. exf4 Nxf4 23. Bxf4 Qxf4 24. g3 Qf6 25. Bg2 Bxg2 26. Kxg2 e4 27. Nxe4 Qf3+
28. Kg1 Rxd1+ 29. Qxd1 Bxc3 30. Qb3+ Rf7 31. Nxc3 Kg7 32. Qb2 Rd7 33. Nd5+ Kh6
34. Ne3 Rd3 35. Ng4+ Kh5 1-0

[Event "28th WSCC2018 - Open 65+"]
[Site "Bled"]
[Date "2018.11.21"]
[Round "4.84"]
[White "Tveten, Per"]
[Black "Bjorgvik, Jan Arne"]
[Result "0-1"]
[WhiteElo "1500"]
[BlackElo "1777"]
[PlyCount "86"]
[EventDate "2018.11.18"]

1. d4 d5 2. c4 e6 3. Bf4 Nf6 4. Nc3 Bb4 5. a3 Bxc3+ 6. bxc3 c6 7. cxd5 exd5 8.
e3 Qa5 9. Qb3 O-O 10. Qb4 Qxb4 11. axb4 Nbd7 12. Nf3 Ne4 13. Rc1 Nb6 14. Bd3 f5
15. Ne5 Be6 16. f3 Nf6 17. O-O Nfd7 18. b5 Nxe5 19. Bxe5 cxb5 20. Bxb5 Rfc8 21.
Rc2 a6 22. Bd3 Nc4 23. Kf2 a5 24. Bxc4 Rxc4 25. Rb1 Bc8 26. Rb5 a4 27. Ra2 Rxc3
28. Rxd5 Be6 29. Rd8+ Rxd8 30. d5 Bxd5 31. Rxa4 Rc2+ 32. Kg3 Bc6 33. Rb4 Rdd2
34. Kf4 g6 35. e4 fxe4 36. fxe4 Rxg2 37. Ke3 Rge2+ 38. Kd3 Bxe4+ 39. Rxe4 Rxe4
40. Kxe4 b5 41. Kd3 Rc6 42. Bc3 g5 43. Bf6 Rxf6 0-1

[Event "28th WSCC2018 - Open 65+"]
[Site "Bled"]
[Date "2018.11.21"]
[Round "4.85"]
[White "Nielsen, Peter"]
[Black "Koskinen, Veikko"]
[Result "1/2-1/2"]
[WhiteElo "1687"]
[BlackElo "1978"]
[PlyCount "50"]
[EventDate "2018.11.18"]

1. d4 f5 2. Bg5 g6 3. Nc3 d5 4. h4 Bg7 5. e3 c6 6. Nf3 Nf6 7. Ne5 Nbd7 8. Bxf6
Nxf6 9. f4 Ng4 10. Qf3 Bxe5 11. dxe5 Qb6 12. Kd2 Be6 13. Bd3 O-O-O 14. a4 d4
15. exd4 Rxd4 16. a5 Qc7 17. Rhb1 Bc4 18. Ke2 Bxd3+ 19. cxd3 Rhd8 20. Rd1 e6
21. Nb5 Qd7 22. Nxd4 Qxd4 23. Rd2 Rd5 24. Rc1 Rc5 25. Rxc5 Qxc5 1/2-1/2

[Event "28th WSCC2018 - Open 65+"]
[Site "Bled"]
[Date "2018.11.21"]
[Round "4.86"]
[White "Finlay, Ian"]
[Black "Shaw, Robin A"]
[Result "1/2-1/2"]
[WhiteElo "1808"]
[BlackElo "1673"]
[Annotator "uporabnik"]
[PlyCount "69"]
[EventDate "2018.11.18"]

1. e4 g6 2. Nf3 Bg7 3. g3 d6 4. d3 c5 5. Bg2 Nc6 6. c3 e5 7. Nbd2 Bg4 8. h3 Be6
9. a4 h6 10. Nc4 Nf6 11. Qe2 O-O 12. O-O Qd7 13. Kh2 Rad8 14. Ne3 Nh5 15. Nh4
Ne7 16. Bd2 Kh7 17. a5 Nf6 18. f4 Qb5 19. f5 Bc8 20. fxg6+ fxg6 21. Nc4 Qd7 22.
Rf2 Neg8 23. Raf1 Rf7 24. Ne3 Rdf8 25. Nf3 Nh5 26. Nd5 Nhf6 27. Ne3 Nh5 28. Nc4
Qe6 29. Be3 Bd7 30. Nxd6 Rxf3 31. Rxf3 Rxf3 32. Rxf3 Qxd6 33. Qf2 Ngf6 34. Bxc5
Qe6 35. Bxa7 {...} 1/2-1/2